000 00296nam a2200133 i 4500
001 bg
245 0 _aVoprosy teplofiziki jadernych reaktorov.
250 _aNypusk 2.
260 _aMoskva,
_c1969.
040 _cBPK
041 _apol
942 _cKS
008 s pl f |000 0 pol
999 _c12888
_d12888
856 _uhttp://koha.tu.koszalin.pl/cgi-bin/koha/opac-detail.pl?biblionumber=12888
_yKatalog online BPK